00769nam a22001577a 4500008004100000020001500041050002800056245025300084260004200337300002200379440003100401800001800432942001200450999001600462952013300478140819b xxu||||| |||| 00| 0 eng d a0406094217 aKD276.3.L39(1893 vol.1) aThe Law Reports (1893 vol.1)Chancery division: of the incorporated council of law reporting, supreme court of judicature cases determined in the chancery division and lunacy and on appeal therefrom in the court of appeal. /cedited by Hemming, G.W. aLondon:bButterworth & Co Ltd,c1893. axii,758p.:c24cm. pchancery division.vvol.1. aG.W. Hemming. 2lcccBK c3502d11002 00102lcc4070aWIUC-1bWIUC-1cLLd2014-08-19l0oKD276.3.L39(1893 vol.1)p1678/665/14r2014-08-19 00:00:00t1w2014-08-19yBK